00342nam a2200145Ia 4500008004100000020001400041050000900055050001500064100001900079245001400098260001200112260003800124260000900162440002500171170203s9999 xx 000 0 und d a307001245 aFic  b.D612 1992 aKreider, Karen aAladdin / aU.S.A : bWestern Publishing Company, Inc., c1992 aA Little Golden Book